000 00688cam a2200193 a 4500
001 000008788
005 20200929161417.0
008 780920s1974 cl a b 000 d spa
040 _aDO-SdBNP
_bspa
_cBNPHU
082 _a792.0983
_bC221h
100 1 _aCánepa Guzmán, Mario,
_d1919-1997.
_923331
245 1 0 _aHistoria del teatro chileno /
_cMario Cánepa Guzmán.
260 _aSantiago, Chile :
_bUniversidad Técnica del Estado,
_c1974.
300 _a226 p. :
_bil. ;
_c24 cm.
504 _aBibliografía: p. [227]-229.
650 4 _aTeatro chileno
_xHistoria y crítica
_923332
650 4 _aLiteratura chilena
_xHistoria y crítica
_916912
910 _aValidado. Control de calidad BNPHU
999 _c8557
_d8557